Multinational companies' real asset ownership and its impact on diversification (Record no. 76567)

MARC details
000 -LEADER
fixed length control field 01314cab a2200217 4500
001 - CONTROL NUMBER
control field ##L132699
008 - FIXED-LENGTH DATA ELEMENTS--GENERAL INFORMATION
fixed length control field 060301n2005 000 0 eng u
035 ## - SYSTEM CONTROL NUMBER
System control number (Sirsi) u132699
041 0# - LANGUAGE CODE
Language code of text/sound track or separate title eng
100 1# - MAIN ENTRY--PERSONAL NAME
Personal name Hwang, Eun Sun
245 00 - TITLE STATEMENT
Title Multinational companies' real asset ownership and its impact on diversification
260 ## - PUBLICATION, DISTRIBUTION, ETC.
Date of publication, distribution, etc. 2005
490 #0 - SERIES STATEMENT
Series statement Journal of Corporate Real Estate
Volume/sequential designation 7(4), 2005, 326-338(13)
520 ## - SUMMARY, ETC.
Summary, etc. Examines whether or not holding a greater percentage of real assets significantly impacts the risk and risk-adjusted return of US based multinational companies in order to provide a better understanding of the impact of risk, return and diversification. A series of rolling two stage least square regression models analysed the relationships among corporate real assets, systematic risk (beta), and risk adjusted return. It was found that U.S. based multinational companies do have lower betas. However, their cross border real asset holdings do not affect diversification and do not provide significantly higher risk-adjusted returns to stockholders.
590 ## - LOCAL NOTE (RLIN)
Local note IKA140306
650 24 - SUBJECT ADDED ENTRY--TOPICAL TERM
Topical term or geographic name entry element UNITED STATES
690 ## - LOCAL SUBJECT ADDED ENTRY--TOPICAL TERM (OCLC, RLIN)
Topical term or geographic name as entry element PROPERTY-COMMERCIAL PROPERTY-CORPORATE REAL ESTATE-CORPORATE REAL ESTATE MANAGEMENT
700 1# - ADDED ENTRY--PERSONAL NAME
Personal name Seiler, Vicky L.
700 1# - ADDED ENTRY--PERSONAL NAME
Personal name Seiler, Michael J.
942 ## - ADDED ENTRY ELEMENTS (KOHA)
Suppress in OPAC 0
Holdings
Withdrawn status Lost status Source of classification or shelving scheme Damaged status Not for loan Home library Current library Shelving location Date acquired Total Checkouts Full call number Barcode Date last seen Copy number Price effective from Koha item type
    Dewey Decimal Classification     London London Journal article 01/03/2006   L132699 132699-1001 06/08/2019 1 06/08/2019 Journal article